Adhunik Hindi Aur Sanskriti Bodh (Record no. 33468)

MARC details
000 -LEADER
fixed length control field 00876nam a22003017a 4500
003 - CONTROL NUMBER IDENTIFIER
control field OSt
005 - DATE AND TIME OF LATEST TRANSACTION
control field 20260522115712.0
008 - FIXED-LENGTH DATA ELEMENTS--GENERAL INFORMATION
fixed length control field 260522b |||||||| |||| 00| 0 eng d
020 ## - INTERNATIONAL STANDARD BOOK NUMBER
International Standard Book Number 9789355628213
040 ## - CATALOGING SOURCE
Transcribing agency IN-NITTTR
082 ## - DEWEY DECIMAL CLASSIFICATION NUMBER
Classification number 891.43
Item number PAN/A
100 ## - MAIN ENTRY--PERSONAL NAME
Personal name Pandey, Nand Kishore
245 ## - TITLE STATEMENT
Title Adhunik Hindi Aur Sanskriti Bodh
Statement of responsibility, etc. by Nand Kishore Pandey
Medium Hindi
260 ## - PUBLICATION, DISTRIBUTION, ETC.
Place of publication, distribution, etc. New Delhi.
Name of publisher, distributor, etc. Prabhat Prakashan Pvt. Ltd.
Date of publication, distribution, etc. 2024
300 ## - PHYSICAL DESCRIPTION
Extent 270 p.
650 ## - SUBJECT ADDED ENTRY--TOPICAL TERM
Topical term or geographic name entry element Modern Hindi Literature
650 ## - SUBJECT ADDED ENTRY--TOPICAL TERM
Topical term or geographic name entry element Hindi Culture
650 ## - SUBJECT ADDED ENTRY--TOPICAL TERM
Topical term or geographic name entry element Sanskriti Bodh
650 ## - SUBJECT ADDED ENTRY--TOPICAL TERM
Topical term or geographic name entry element Hindi Literary Criticism
650 ## - SUBJECT ADDED ENTRY--TOPICAL TERM
Topical term or geographic name entry element Hindi Essays
650 ## - SUBJECT ADDED ENTRY--TOPICAL TERM
Topical term or geographic name entry element Cultural Studies
650 ## - SUBJECT ADDED ENTRY--TOPICAL TERM
Topical term or geographic name entry element Indian Culture
650 ## - SUBJECT ADDED ENTRY--TOPICAL TERM
Topical term or geographic name entry element Hindi Language and Literature
650 ## - SUBJECT ADDED ENTRY--TOPICAL TERM
Topical term or geographic name entry element Contemporary Hindi Literature
650 ## - SUBJECT ADDED ENTRY--TOPICAL TERM
Topical term or geographic name entry element Literary Analysis
650 ## - SUBJECT ADDED ENTRY--TOPICAL TERM
Topical term or geographic name entry element Modern Hindi Thought
942 ## - ADDED ENTRY ELEMENTS (KOHA)
Source of classification or shelving scheme Dewey Decimal Classification
Koha item type Books
Suppress in OPAC No
Holdings
Withdrawn status Lost status Source of classification or shelving scheme Damaged status Not for loan Collection Home library Current library Date acquired Total checkouts Full call number Barcode Date last seen Price effective from Koha item type
    Dewey Decimal Classification     Non-fiction National Institute of Technical Teachers Training & Research National Institute of Technical Teachers Training & Research 05/22/2026   891.43 PAN/A 50363 05/22/2026 05/22/2026 Books